[Event "Bad Zwesten op 17th"]
[Site "Bad Zwesten"]
[Date "2017.01.05"]
[Round "5"]
[White "Hertel, Holger"]
[Black "Marzec, Witold"]
[Result "1/2-1/2"]
[WhiteElo "1997"]
[BlackElo "1752"]
[PlyCount "54"]
[EventDate "2017.01.02"]
[EventType "swiss"]
[EventRounds "7"]
[EventCountry "GER"]
[SourceTitle "CBM 176 Extra"]
[Source "ChessBase"]
[SourceDate "2017.03.02"]
[SourceVersion "1"]
[SourceVersionDate "2017.03.02"]
[SourceQuality "1"]

1. d4 Nf6 2. Nf3 e6 3. e3 d5 4. Nbd2 Be7 5. Bd3 b6 6. 0-0 Bb7 7. b3 0-0 8. Bb2 Nbd7 9. Qe2 a6 10. Rac1 c5 11. c4 Ne4 12. Ne1 Nxd2 13. Qxd2 f5 14. Be2 Nf6 15. f3 Bd6 16. Nd3 Rc8 17. Rc2 dxc4 18. bxc4 Qc7 19. Ne5 Nd7 20. Nxd7 Qxd7 21. dxc5 bxc5 22. Rd1 Rfd8 23. Qc3 Qe7 24. Rcd2 Bc7 25. Rxd8+ Rxd8 26. Rxd8+ Bxd8 27. Qd2 Bc7 1/2-1/2

[Event "Werther Schloss op-A 16th"]
[Site "Werther"]
[Date "2010.03.27"]
[Round "5"]
[White "Oppitz, Peter"]
[Black "Hertel, Holger"]
[Result "1-0"]
[WhiteElo "2148"]
[BlackElo "2015"]
[PlyCount "87"]
[EventDate "2010.03.25"]
[EventType "swiss"]
[EventRounds "5"]
[EventCountry "GER"]
[SourceTitle "CBM 135 Extra"]
[Source "ChessBase"]
[SourceDate "2010.05.04"]
[SourceVersion "1"]
[SourceVersionDate "2010.05.04"]
[SourceQuality "1"]

1. e4 e5 2. Nf3 Nc6 3. Bb5 a6 4. Ba4 Be7 5. 0-0 Nf6 6. Re1 b5 7. Bb3 0-0 8. h3 d6 9. c3 Na5 10. Bc2 c6 11. d4 Qc7 12. Nbd2 Re8 13. Nf1 Bf8 14. Ng3 g6 15. Nh2 Bd7 16. Bg5 Bg7 17. Qf3 Qd8 18. Rad1 Ra7 19. dxe5 dxe5 20. Ng4 Re6 21. b4 Nc4 22. Bb3 h5 23. Nxf6+ Bxf6 24. Bxc4 bxc4 25. Be3 Rb7 26. Qe2 a5 27. Qxc4 axb4 28. cxb4 Qc8 29. Bc5 Re8 30. a4 Be6 31. Qc3 Rd8 32. a5 Rbd7 33. Rxd7 Rxd7 34. Nf1 Qa6 35. Qf3 Bg7 36. Rd1 Rxd1 37. Qxd1 Qc4 38. Ne3 Qa2 39. Qd6 Qa4 40. Qd3 Kh7 41. a6 Bh6 42. a7 Bc8 43. Qd1 Qa6 44. Nc4 1-0

[Event "Bad Harzburg op"]
[Site "Bad Harzburg"]
[Date "2007.10.27"]
[Round "7"]
[White "Steffen, Thomas"]
[Black "Hertel, Holger"]
[Result "1-0"]
[WhiteElo "2008"]
[BlackElo "2007"]
[PlyCount "49"]
[EventDate "2007.10.23"]
[EventType "swiss"]
[EventRounds "7"]
[EventCountry "GER"]
[SourceTitle "EXT 2009"]
[Source "ChessBase"]
[SourceDate "2008.11.26"]
[SourceVersion "1"]
[SourceVersionDate "2008.11.26"]
[SourceQuality "1"]

1. e4 e5 2. Nf3 Nc6 3. Bc4 Bc5 4. 0-0 Nf6 5. d4 Bxd4 6. Nxd4 Nxd4 7. f4 d6 8. c3 Ne6 9. fxe5 dxe5 10. Qf3 Qe7 11. Na3 Bd7 12. Qg3 0-0-0 13. Qxe5 h6 14. Be3 Kb8 15. h3 Bc6 16. Nb5 Bxb5 17. Bxb5 Nd7 18. Qf5 f6 19. b4 Ne5 20. Rad1 Ng5 21. Bc5 Qf7 22. Rxd8+ Rxd8 23. h4 g6 24. Qf4 Nh3+ 25. gxh3 1-0

[Event "Bad Harzburg op"]
[Site "Bad Harzburg"]
[Date "2007.10.26"]
[Round "6"]
[White "Hertel, Holger"]
[Black "Lau, Juergen"]
[Result "0-1"]
[WhiteElo "2007"]
[BlackElo "2157"]
[PlyCount "149"]
[EventDate "2007.10.23"]
[EventType "swiss"]
[EventRounds "7"]
[EventCountry "GER"]
[SourceTitle "EXT 2009"]
[Source "ChessBase"]
[SourceDate "2008.11.26"]
[SourceVersion "1"]
[SourceVersionDate "2008.11.26"]
[SourceQuality "1"]

1. e4 c5 2. Nf3 d6 3. d4 cxd4 4. Nxd4 Nf6 5. Nc3 a6 6. Be2 e6 7. 0-0 Qc7 8. Kh1 Be7 9. f4 b5 10. a3 Bb7 11. Bd3 Nbd7 12. Qe1 Rc8 13. Qg3 Nc5 14. Re1 0-0 15. Bd2 Rfd8 16. Rac1 d5 17. e5 Nfe4 18. Qe3 Nxc3 19. Bxc3 Na4 20. Ne2 Nxc3 21. Nxc3 Bc5 22. Qh3 g6 23. Nd1 Qb6 24. Ne3 h5 25. Nf1 b4 26. Ng3 bxa3 27. bxa3 Bxa3 28. Rb1 Qc6 29. Rf1 Bc5 30. f5 exf5 31. Bxf5 gxf5 32. Nxf5 Rc7 33. Qxh5 Qg6 34. Qh4 Rdd7 35. Rf3 Kf8 36. Qh8+ Qg8 37. Qh6+ Ke8 38. Rg3 Qf8 39. Qh5 Kd8 40. Nh6 Rc6 41. Rg8 Rxh6 42. Rxf8+ Bxf8 43. Qg5+ Ke8 44. Qf4 d4 45. Kg1 Re6 46. g4 Bh6 47. Qf5 Bg7 48. Qg5 Bxe5 49. Qg8+ Ke7 50. Qg5+ Kf8 51. h4 Bf6 52. Qc5+ Be7 53. Qh5 Ke8 54. Qh8+ Bf8 55. Qh5 Re2 56. Qf5 Re6 57. h5 Rd5 58. Qf4 Bd6 59. Qd2 Bc6 60. Rf1 Bf8 61. Qf4 Rd7 62. Qb8+ Rd8 63. Qf4 Rd7 64. h6 Bb5 65. Rf2 Re1+ 66. Kg2 Bc6+ 67. Rf3 Bxf3+ 68. Qxf3 Bxh6 69. Qc6 Ree7 70. Qxh6 Re2+ 71. Kf3 Rxc2 72. Qh8+ Ke7 73. Qe5+ Kd8 74. Qb8+ Rc8 75. Qb6+ 0-1

[Event "Werther Schloss op-B 13rd"]
[Site "Werther"]
[Date "2007.03.31"]
[Round "2"]
[White "Markgraf, Jonas"]
[Black "Hertel, Holger"]
[Result "1-0"]
[WhiteElo "2061"]
[BlackElo "1895"]
[PlyCount "63"]
[EventDate "2007.03.30"]
[EventType "swiss"]
[EventRounds "5"]
[EventCountry "GER"]
[SourceTitle "EXT 2008"]
[Source "ChessBase"]
[SourceDate "2007.11.25"]
[SourceVersion "1"]
[SourceVersionDate "2007.11.25"]
[SourceQuality "1"]

1. e4 e5 2. Nf3 Nc6 3. Bc4 Be7 4. d4 exd4 5. Nxd4 Ne5 6. Bb3 c5 7. Nf3 d6 8. Nxe5 dxe5 9. Qh5 g6 10. Qxe5 Nf6 11. Nc3 0-0 12. Bg5 Re8 13. Rd1 Bd7 14. Qf4 Rc8 15. 0-0 c4 16. Ba4 Nh5 17. Qf3 Bxg5 18. Bxd7 Nf4 19. Bxe8 Qxe8 20. Qg4 Bh6 21. Qh4 Kg7 22. Rfe1 Rc5 23. Qd8 Qe6 24. Qd7 Qf6 25. Nd5 Qxb2 26. Qd6 Rc6 27. Qb8 Nxd5 28. exd5 Rf6 29. d6 Qb6 30. d7 Qxf2+ 31. Kh1 Bd2 32. d8Q 1-0

[Event "Werther Schloss op-B 12th"]
[Site "Werther"]
[Date "2006.04.08"]
[Round "3"]
[White "Hertel, Holger"]
[Black "Giese, Stefan"]
[Result "1-0"]
[WhiteElo "1860"]
[BlackElo "2040"]
[PlyCount "107"]
[EventDate "2006.04.07"]
[EventType "swiss"]
[EventRounds "5"]
[EventCountry "GER"]
[SourceTitle "EXT 2008"]
[Source "ChessBase"]
[SourceDate "2007.11.25"]
[SourceVersion "1"]
[SourceVersionDate "2007.11.25"]
[SourceQuality "1"]

1. e4 e6 2. d4 d5 3. e5 c5 4. c3 Bd7 5. Nf3 Qb6 6. a3 Bb5 7. Bd3 Bxd3 8. Qxd3 Nc6 9. 0-0 cxd4 10. cxd4 Nge7 11. b4 Nf5 12. Bb2 Be7 13. Nbd2 0-0 14. Nb3 Rac8 15. Rfc1 Nh4 16. Nxh4 Bxh4 17. Nc5 Rfd8 18. Rc2 Bg5 19. g3 Be7 20. Rac1 a6 21. Kg2 Qa7 22. f4 g6 23. h4 Bxc5 24. dxc5 b6 25. cxb6 Qxb6 26. Bd4 Qb7 27. Bc5 Nb8 28. Kf2 Nd7 29. Qd4 Rc6 30. Ke3 Rdc8 31. g4 Qb5 32. Qd3 Qxd3+ 33. Kxd3 Nxc5+ 34. Rxc5 Rxc5 35. bxc5 Kf8 36. Kd4 Rb8 37. c6 Ke7 38. Rc2 Rc8 39. Kc5 Kd8 40. Kd6 Rc7 41. h5 Kc8 42. hxg6 hxg6 43. Rh2 Kb8 44. Rh8+ Rc8 45. Rh7 Rd8+ 46. Kc5 d4 47. Rxf7 Kc8 48. Kb6 d3 49. Rc7+ Kb8 50. Rb7+ Kc8 51. Ra7 Kb8 52. c7+ Kc8 53. cxd8Q+ Kxd8 54. Kc6 1-0

[Event "Werther Schloss op-B 11th"]
[Site "Werther"]
[Date "2005.03.19"]
[Round "2"]
[White "Ilginsu, Ismail"]
[Black "Hertel, Holger"]
[Result "0-1"]
[WhiteElo "1741"]
[BlackElo "1852"]
[PlyCount "96"]
[EventDate "2005.03.18"]
[EventType "swiss"]
[EventRounds "5"]
[EventCountry "GER"]
[SourceTitle "EXT 2006"]
[Source "ChessBase"]
[SourceDate "2005.11.24"]
[SourceVersion "1"]
[SourceVersionDate "2005.11.24"]
[SourceQuality "1"]

1. Nf3 d5 2. c4 e6 3. g3 c6 4. b3 Nf6 5. Bb2 Nbd7 6. Bg2 Bd6 7. 0-0 0-0 8. d4 Re8 9. c5 Bc7 10. Nbd2 e5 11. e3 e4 12. Ne1 Nf8 13. h3 Bf5 14. Kh2 Qd7 15. Rh1 Re7 16. b4 Rae8 17. a4 Bg6 18. Qb3 h5 19. Kg1 a6 20. b5 N6h7 21. h4 Nf6 22. Nc2 Ng4 23. Bc3 Nh7 24. Nb4 axb5 25. axb5 Nhf6 26. bxc6 bxc6 27. Qa4 Re6 28. Bh3 Bf5 29. Bxg4 Nxg4 30. Kg2 Rg6 31. Nf1 Nh6 32. Qa7 Bg4 33. Nd2 Nf5 34. Na6 Rc8 35. Nxc7 Rxc7 36. Qb8+ Kh7 37. Ra8 Rf6 38. Ba5 Rb7 39. Qh8+ Kg6 40. Bb6 Bf3+ 41. Nxf3 exf3+ 42. Kf1 Qe7 43. Re8 Rxb6 44. cxb6 Qb4 45. Qxh5+ Kxh5 46. g4+ Kg6 47. gxf5+ Kh7 48. Kg1 Qe1+ 0-1

[Event "Werther Schloss op-B 7th"]
[Site "Werther"]
[Date "2001.04.07"]
[Round "3"]
[White "Hertel, Holger"]
[Black "Kapitza, Mathias"]
[Result "1/2-1/2"]
[WhiteElo "1765"]
[BlackElo "1880"]
[PlyCount "91"]
[EventDate "2001.04.06"]
[EventType "swiss"]
[EventRounds "5"]
[EventCountry "GER"]
[SourceTitle "EXT 2002"]
[Source "ChessBase"]
[SourceDate "2001.11.25"]
[SourceVersion "1"]
[SourceVersionDate "2001.11.25"]
[SourceQuality "1"]

1. d4 Nf6 2. c4 g6 3. Nc3 Bg7 4. e4 0-0 5. Nf3 c6 6. e5 Ne8 7. Be2 d6 8. Bf4 Bg4 9. 0-0 Nd7 10. Re1 Qa5 11. exd6 Nxd6 12. Bxd6 exd6 13. h3 Bxf3 14. Bxf3 Qb6 15. Ne2 Rad8 16. Rb1 Nf6 17. d5 cxd5 18. cxd5 Nd7 19. b3 Ne5 20. Ng3 Rc8 21. Qe2 Rc3 22. Rbc1 Rfc8 23. Rxc3 Rxc3 24. Ne4 Rc8 25. Rd1 h6 26. Rd2 f5 27. Ng3 Rc1+ 28. Kh2 Qc5 29. Qe3 Qb4 30. Ne2 Rc7 31. Rd1 Re7 32. Kh1 Kf7 33. Qd2 Qh4 34. Nd4 Rc7 35. Kh2 Qxd4 36. Qxd4 Nxf3+ 37. gxf3 Bxd4 38. Rxd4 Rc2 39. Ra4 a6 40. Kg3 Rd2 41. Rc4 Re2 42. a4 Kf6 43. Rc7 Re7 44. Rxe7 Kxe7 45. a5 Kf6 46. f4 1/2-1/2